LIBRARY & INFORMATION CENTRE, KCAET, TAVANUR

ONLINE PUBLIC ACCESS CATALOGUE (OPAC)

Dairy and Food Processing Industry Part -I (Recent Trends) (Record no. 14645)

MARC details
000 -LEADER
fixed length control field 00316nam a22001217a 4500
020 ## - INTERNATIONAL STANDARD BOOK NUMBER
ISBN 9788176222990
082 ## - DEWEY DECIMAL CLASSIFICATION NUMBER
Classification number 637.1
Item number BIR/DA
100 ## - MAIN ENTRY--AUTHOR NAME
Personal name Birendra Kumar Mishra
245 ## - TITLE STATEMENT
Title Dairy and Food Processing Industry Part -I (Recent Trends)
260 ## - PUBLICATION, DISTRIBUTION, ETC. (IMPRINT)
Place of publication Delhi
Name of publisher Biotech Books
Year of publication 2014
300 ## - PHYSICAL DESCRIPTION
Number of Pages 279
942 ## - ADDED ENTRY ELEMENTS (KOHA)
Koha item type Books
Holdings
Withdrawn status Lost status Damaged status Collection code Home library Current library Shelving location Date acquired Source of acquisition Cost, normal purchase price Full call number Accession Number Koha item type
        KAUAET KAUAET General Stacks 23/07/2016 Researchco Books and Periodicals, New Delhi. 3200.00 637.1 BIR/DA 24360 Books
free website counter